| 000 | 00710cam a2200229 4500 | ||
|---|---|---|---|
| 008 | 090401t1997 xxu||||| |||| 00| 0 eng d | ||
| 020 | _a075062972X | ||
| 035 | _a(Sirsi) u14710 | ||
| 041 | _aeng | ||
| 050 | _a692.5094 | ||
| 110 |
_aTweeds _92990 |
||
| 245 | _aLaxton`s European building price book | ||
| 260 |
_aOxford _bLaxton`s _c1997 |
||
| 300 | _avi,378p. ; 24cm. | ||
| 350 | _a65 | ||
| 520 | _aA comprehensive guide to European construction costs. Includes general economic information, labour costs, material costs, measured rates and elemental costs. | ||
| 651 | 4 | _aEurope | |
| 690 | _aBUILT ENVIRONMENT-BUILDING COSTS | ||
| 700 |
_aTweeds, _xEditor |
||
| 942 | _n0 | ||
| 948 | _c04/03/1997 | ||
| 999 |
_c87205 _d87205 |
||